1002 1801 1165 1703 1060 1039 1845 1382 1442 1681 1809 1950 1150 1034 1723 1354 1070 1682 1128 1729 1043 1391 1514 1820 1857 1562 1533 1328 1025 1037 1866 1473 1546 1172 1540 1864 1668 1472 1028 1138 1793 1550 1212 1009 1241 1986 1438 1042 1615 1660 1116 1739 1779 1967 1504 1692 1806 1623 1120 1255 1679 1468 1700 1101 1727 1469 1285 1627 1419 1871 1699 1219 1806 1522 1474 1288 1018 1270 1268 1032 1133 1838 1710 1482 1058 1050 1916 1261 1111 1648 1561 1739 1693 1298 1381 1956 1833 1933 1257 BCNSPRNW ULIB Ver.6.0+V

เปลี่ยนเป็นภาษาไทย

Change to English
 แสดงรายละเอียดบรรณานุกรม
  กลับหน้าหลัก

Brief Record : Get Marc (ISO 2709) : E-mail record : QR code < ปิดหน้าต่าง
LEADER : 00000nam 2200000uu 4500
001    13399127531
003     ULIB
008    210114s2562||||th 000 0 tha d
020    ^a9789746301893
060    ^aWY101^bส732ห
100    ^aสิริรัตน์ ฉัตรชัยสุชา มธุสร ปลาโพธิ์ และต้องตา ขันธวิธิ
245    ^aหลักการและเทคนิคการพยาบาล
250    ^aพิมพ์ครั้งที่ 1
260    ^aนครราชสีมา :^bคณะพยาบาลศาสตร์ มหาวิทยาลัยวงษ์ชวลิตกุล,^c2562
300    ^a350 หน้า^bภาพประกอบ, ตาราง, ภาคผนวก
650    ^aการพยาบาล^xหลักการและเทคนิค
945    ^p300^l0^i007358
945    ^p300^l0^i007359
945    ^p300^l0^i007360
999    ^aประนอม เกษจรัล
รายการนี้ยังไม่มีแท็ก
คุณยังไม่ได้ล็อกอิน คุณสามารถมีกิจกรรมร่วมกับเว็บไซต์ได้ แต่ต้องล็อกอินก่อน ::
  ล็อกอิน

รายการสื่อสารสนเทศ

ลำดับที่ ประเภท เลขเรียก/บาร์โค้ด สถานที่ สถานะ
1. Book การพยาบาล
หนังสือสำรอง
สถานะ=หนังสือสำรอง
WY101 ส732ห ฉ.1 
  Barcode: 007358
ห้องสมุดวิทยาเขตสวรรค์ประชารักษ์
►หนังสือทั่วไป
บนชั้น
2. Book การพยาบาล
Book การพยาบาล
WY101 ส732ห ฉ.2 
  Barcode: 007359
ห้องสมุดวิทยาเขตสวรรค์ประชารักษ์
►หนังสือทั่วไป
บนชั้น
3. Book การพยาบาล
Book การพยาบาล
WY101 ส732ห ฉ.3 
  Barcode: 007360
ห้องสมุดวิทยาเขตสวรรค์ประชารักษ์
►หนังสือทั่วไป
บนชั้น

รายการใกล้เคียง
    ชื่อเรื่อง [หลักการและเทคนิคการพยาบาล]

BibComment


ยังไม่เคยถูกคอมเมนท์

คอมเมนท์ทรัพยากรรายการนี้
  คอมเมนท์: หลักการและเทคนิค..


 Copyright 2026. Bcnsprnw @Library